000 00910 a2200265 4500
005 20251205124456.0
008 251205b |||||||| |||| 00| 0 eng d
020 _a9781032414966 (pbk)
037 _cTB
040 _aCRL
_cCRL
041 _2eng
_aeng
084 _aW:f P2;R5
_qCRL
100 _aShively, W. Phillips
_9849108
245 _aCraft of political research
250 _a11th Ed.
260 _aNew York, USA;
_aLondon, UK:
_bRoutledge
_c2025
300 _axv, 228p.
365 _b65.99
_cUKP
650 _aPolitical Science
_9854875
650 _aResearch Methodology
_9854876
700 _aShively, W. Phillips
_eauthor.
_9854877
700 _aEndersby, James W.
_eauthor.
_9854878
942 _cTB
_2CC
_n0
_e11th Ed.
_hW:f P2;R5
999 _c1464942
_d1464942